Personhood and Social Robotics: (Record no. 611521)
[ view plain ]
| 000 -LEADER | |
|---|---|
| fixed length control field | 00359nam a22001217a 4500 |
| 020 ## - INTERNATIONAL STANDARD BOOK NUMBER | |
| International Standard Book Number | 9781138814868 |
| 082 ## - DEWEY DECIMAL CLASSIFICATION NUMBER | |
| Classification number | 629.892 |
| Author Mark | JON |
| 100 ## - MAIN ENTRY--PERSONAL NAME | |
| Personal name | Jones, Raya |
| 245 ## - TITLE STATEMENT | |
| Title | Personhood and Social Robotics: |
| Remainder of title | a psychological consideration / |
| Statement of responsibility, etc. | Raya Jones |
| 260 ## - PUBLICATION, DISTRIBUTION, ETC. | |
| Place of publication, distribution, etc. | New york : |
| Name of publisher, distributor, etc. | Routledge , |
| Date of publication, distribution, etc. | 2016. |
| 300 ## - PHYSICAL DESCRIPTION | |
| Extent | VI, 213p. ; |
| Other physical details | Hardbinding , |
| 942 ## - ADDED ENTRY ELEMENTS (KOHA) | |
| Source of classification or shelving scheme | |
| Koha item type | Book |
| Withdrawn status | Lost status | Source of classification or shelving scheme | Damaged status | Not for loan | Permanent Location | Current Location | Shelving location | Date acquired | Total Checkouts | Full call number | Barcode | Date last seen | Price effective from | Koha item type |
|---|---|---|---|---|---|---|---|---|---|---|---|---|---|---|
| School of Mechanical & Manufacturing Engineering (SMME) | School of Mechanical & Manufacturing Engineering (SMME) | General Stacks | 09/16/2024 | 629.892 JON | SMME-4626 | 09/16/2024 | 09/16/2024 | Book | ||||||
| School of Mechanical & Manufacturing Engineering (SMME) | School of Mechanical & Manufacturing Engineering (SMME) | 09/16/2024 | 629.892 JON | SMME-4627 | 09/16/2024 | 09/16/2024 | Book | |||||||
| School of Mechanical & Manufacturing Engineering (SMME) | School of Mechanical & Manufacturing Engineering (SMME) | 09/16/2024 | 629.892 JON | SMME-4628 | 09/16/2024 | 09/16/2024 | Book |
